• 首页
  • 本馆介绍
  • 公告通知
  • 最新文献
  • 馆藏检索
  • 电子资源
  • 读者导购
  • 参考咨询
  • 我的图书馆
  • 登录
  • 详细信息显示
  • 放入我的书架
  • 预约/预借图书
  • 作者相关作品
  • 分类相关作品
  • 丛书相关作品
  • 出版社相关作品

书目信息

  • 表格格式
  • 工作单格式
  • 卡片格式
题名:
过程装备成套技术
    
 
作者: 黄振仁 , 魏新利 主编
分册:  
出版信息: 北京   化学工业出版社  2008
页数: 286页
开本: 26cm
丛书名:
单 册:
中图分类: TQ051.02
科图分类:
主题词: 化工过程--化工设备--设计--高等教育--教材 , 化工过程 , 化工设备
电子资源:
ISBN: 978-7-122-02258-5
000 00999nam0 2200277 45
005 20100303145602.53
010    @a978-7-122-02258-5@dCNY34.00
100    @a20100121d2008 em y0chiy0120 ea
101 0  @achi
102    @aCN@b110000
105    @ay z 000yy
106    @ar
200 1  @a过程装备成套技术@AGuo Cheng Zhuang Bei Cheng Tao Ji Shu@f黄振仁,魏新利主编@FHuang Zhen Ren, Wei Xin Li Zhu Bian
205    @a2版
210    @a北京@c化学工业出版社@d2008
215    @a286页@d26cm
300    @a普通高等教育“十一五”国家级规划教材
330    @a本书主要阐述了新产品生产工艺开发和项目可行性研究、工艺设计、经济性评价和环境评价、机器和设备的选型、重要工艺参数的自动控制方案选择与设计、管道设计等内容。
606 0  @a化工过程@x化工设备@x设计@x高等教育@j教材
606 0  @a化工过程
606 0  @a化工设备
690    @aTQ051.02@v4
701  0 @a黄振仁@AHuang Zhen Ren@4主编
701  0 @a魏新利@AWei Xin Li@4主编
801  0 @aCN@bTANGWEI@c20100303
905    @b0584877-81@dTQ051.02@e185=2@f5
    
    过程装备成套技术/黄振仁,魏新利主编.-2版.-北京:化学工业出版社,2008
    286页;26cm
    普通高等教育“十一五”国家级规划教材
    
    ISBN 978-7-122-02258-5:CNY34.00
    本书主要阐述了新产品生产工艺开发和项目可行性研究、工艺设计、经济性评价和环境评价、机器和设备的选型、重要工艺参数的自动控制方案选择与设计、管道设计等内容。
●
相关链接 在E读中查询图书 在五车中查询图书 在当当中查询图书 在豆瓣中查询图书


正题名:过程装备成套技术     索取号:TQ051.02/185=2         预约/预借

序号 登录号 条形码 馆藏地/架位号 状态 备注
1 0584877   205848779   第二样本阅览室/ [索取号:TQ051.02/185=2] 在馆    
2 0584878   205848788   第三借阅区/ [索取号:TQ051.02/185=2] 在馆    
3 0584879   205848797   第三借阅区/ [索取号:TQ051.02/185=2] 在馆    
4 0584880   205848804   第三借阅区/ [索取号:TQ051.02/185=2] 在馆    
5 0584881   205848813   第三借阅区/ [索取号:TQ051.02/185=2] 在馆    
唐山师范学院图书馆 欢迎您!
大连网信软件有限公司© 版权所有